El aristotelismo y su influencia

Zapisane w:
Opis bibliograficzny
1. autor: Stocks, John Leofric (Autor)
Format: Książka
Język:hiszpański
Wydane: Buenos Aires Nova 1947
Seria:Nuestra deuda con Grecia y Roma
Hasła przedmiotowe:
Etykiety: Dodaj etykietę
Nie ma etykietki, Dołącz pierwszą etykiete!

MARC

LEADER 00000nam a2200000 a 4500
001 UCZ2671
003 CL-VaPUC
008 951005e19470000AG |||||||||||||||||spa|d
082 0 4 |a 185  |b STO  |2 21 
100 0 |a Stocks, John Leofric  |e author  |9 346438 
245 1 3 |a El aristotelismo y su influencia 
300 |a 201 p 
942 |c BK 
945 |d 19951005 00:00:00  |a lriquelm 
260 |a Buenos Aires  |b Nova  |c 1947 
600 0 |a Aristóteles,  |d 384 a.C.- 322 a.C.  |9 194 
650 0 |a Filosofía antigua   |9 255705 
650 0 |a Filosofía griega  |9 265579 
650 0 |a Escuelas filosóficas   |9 266232 
583 |a last modification  |c 19951005 00:00:00  |k Rodrigo Vera 
490 0 |a Nuestra deuda con Grecia y Roma 
999 |c 239230  |d 239228 
952 |0 0  |1 0  |4 0  |6 185_000000000000000_STO_1947  |7 0  |8 A  |9 250199  |a BIBEDU  |b BIBEDU  |d 2019-11-18  |i 1569880  |o 185 STO 1947  |p 1569880  |r 2019-11-18  |w 2019-11-18  |y BK  |k FIL